000 00225nam a2200097Ia 4500
008 170619s9999 xx 000 0 und d
100 _aDhrma Divakar
245 0 _aAzadi ke Pachas Varsh
260 _bPrabha prakashan
260 _c2001
546 _aENGLISH
999 _c17308
_d17308